000 01024nam a2200253Ia 4500
003 OSt
005 20221005111854.0
006 a|||||r|||| 00| 0
007 ta
008 221004b |||||||| |||| 00| 0 hin d
020 _a9788189921361 (hbk)
_c675
024 _a100400
037 _b409, 23/03/2010, Swaraj Prakashan
_cTextual
040 _aCRL
_cCRL
_bhin
041 _2hin
_ahin
082 _aV2:71(O15,1A2), 152P9
100 _aपाण्डेय, अरूण प्रकाश
245 0 _aमहाभारतीयकालीन संस्कृति के पुरातात्विक आयाम
246 _aMahābhāratīyakālīn sanskṛuti ke purātātvik āyāma
260 _aवाराणसी
_bकला प्रकाशन भारत
_c2009
300 _a232पृ0
_ccm.
942 _hV2:71(O15,1A2), 152P9
_cTEXL
_2cc
999 _c1023148
_d1023148